00861cam a22002177a 4500003000500000005001700005008004100022010001000063011001000073035001000083040000900093100003200102245021700134260004100351300001800392502008500410530003600495650002300531650002600554856006300580CHAP20220329142742.0030602s2003 mx b r 00010 spa d a87273 a88245 a98790 cCHAP00aGallardo Sandoval, Araceli.10aEstudio de factibilidad para la instalación de una planta productora y comercializadora de productos de capulin (Prunus serotina var. capuli) en el municipio de Huejotzingo, Pue.c/por Araceli Gallardo Sandoval aChapingo, Méx. :bEl autor,c2003. a72 h. ;bmap. aTesis (Ing. Agroindustrial) -- UACH. Departamento de Ingeniería Agroinductrial aTambién disponible en línea14aCapulinxMercadeo.14aCapulínxProcesado. 3Finding aiduhttp://10.13.5.2/tesis/98790.pdfzTeclea aqui